Ładuje się......
Mother Theresa
| 1. autor: | |
|---|---|
| Format: | Printed Book |
| Język: | English |
| Wydane: |
Kottayam:
D C Books,
2015.
|
| LEADER | 00423nam a22001217a 4500 | ||
|---|---|---|---|
| 008 | 160106b xxu||||| |||| 00| 0 eng d | ||
| 100 | |a Navin Chawla | ||
| 245 | |a Mother Theresa |c /Navin Chawla | ||
| 260 | |a Kottayam: |b D C Books, |c 2015. | ||
| 300 | |b 248p. | ||
| 942 | |c BK | ||
| 999 | |c 233809 |d 233809 | ||
| 952 | |0 0 |1 0 |4 0 |6 922_200000000000000_NAV_M |7 0 |9 259176 |a MAL |b MAL |c ST1 |d 2016-01-06 |g 225.00 |l 0 |o 922.2 NAV/M |p MAL36468 |r 2016-01-06 |w 2016-01-06 |y BK | ||